000
00357nam a2200169Ia 4500
100
_a
Devasia/P
650
_a
Philosophy
942
_c
BK
366
_f
25
654
_a
better life
245
_a
Tips for a Better life
260
_b
Better Yourself Books
_a
Bandra
_c
2006
082
_a
170/DEV
_b
DEV
300
_a
139
546
_a
ENGLISH
999
_c
20316
_d
20316